00438nmm a2200133Ia 4500008004100000020001800041041000800059100002200067245005900089264005500148300001800203650003200221856005100253251105s9999||||xx |||||||||||||||||und|| a9789562849227 aspa aSorensen, Kristin 0aLos medios, la memoria y los derechos humanos en Chile a[Santiago de Chile, Chile] :bRil editores, c2015 a220 páginas aPolitical Science (General) uhttps://public.digitaliapublishing.com/a/37338